John, the interpreter of Christ: (Record no. 5138)

000 -LEADER
fixed length control field 00618nam a2200181 a 4500
001 - CONTROL NUMBER
control field :::00002879$&:&@@
003 - CONTROL NUMBER IDENTIFIER
control field OkBaRHE
005 - DATE AND TIME OF LATEST TRANSACTION
control field 20000607103257.0
008 - FIXED-LENGTH DATA ELEMENTS--GENERAL INFORMATION
fixed length control field s1921 j 000 0 eng u
040 ## - CATALOGING SOURCE
Transcribing agency
100 1# - MAIN ENTRY--PERSONAL NAME
Personal name Morgan, Charles Herbert, 1852-
245 10 - TITLE STATEMENT
Title John, the interpreter of Christ:
Remainder of title St. John and his writings.
260 ## - PUBLICATION, DISTRIBUTION, ETC. (IMPRINT)
Place of publication, distribution, etc New York, NY., :
Name of publisher, distributor, etc The Methodist Book Concern
Date of publication, distribution, etc c1921
300 ## - PHYSICAL DESCRIPTION
Extent 175 p. : illus. ;
Dimensions 20 cm.
650 ## - SUBJECT ADDED ENTRY--TOPICAL TERM
Topical term or geographic name as entry element Bible New Testament John
General subdivision Theology
942 ## - ADDED ENTRY ELEMENTS (KOHA)
Source of classification or shelving scheme
Koha item type Books
Copies
Koha item type Date acquired Withdrawn status Full call number Date last seen Permanent Location Not for loan Damaged status Barcode Shelving location Copy number Source of classification or shelving scheme Lost status Price effective from
Books2010-04-14 BS 2455 .M5532018-03-16RHEMA Bible Training College  2879General Stacks1  2010-04-14